Normal view
MARC view
- Vigor, John
Entry Personal Name
001 - CONTROL NUMBER
- control field: 77376
003 - CONTROL NUMBER IDENTIFIER
- control field: NUST
005 - DATE AND TIME OF LATEST TRANSACTION
- control field: 20210628205859.0
008 - FIXED-LENGTH DATA ELEMENTS
- fixed length control field: 210628|| aca||aabn | a|a d
040 ## - CATALOGING SOURCE
- Original cataloging agency: NUST
- Transcribing agency: NUST
100 ## - HEADING--PERSONAL NAME
- Personal name: Vigor, John
670 ## - SOURCE DATA FOUND
- Source citation: Work cat.: (NUST): Vigor, John, The sailor's assistant reference data for maintenance repair and cruising
